000 00789nmc a2200289 a 4500
003 AR-BaBNM
005 20251128205114.0
008 136019s1983 ||||||||||||||000 | spa||
020 _a950-25-0005-9
040 _cAR-BaBNM
100 1 _aArévalo, Oscar
245 1 0 _aEl Partido Comunista
260 _aBuenos Aires
_bCentro Editor de América Latina
_c1983
300 0 _a158 p.
490 0 _aBiblioteca política argentina
_vv. 6
610 2 4 _aPartido Comunista [Argentina]
650 4 _aPOLITICA
650 4 _aHISTORIA POLITICA ARGENTINA
650 4 _aSOCIALISMO
650 4 _aCOMUNISMO
650 4 _aPARTIDOS POLITICOS ARGENTINOS
650 4 _aIDEOLOGIAS POLITICAS
651 4 _aArgentina
800 1 _aTroncoso, Oscar
_edirector
942 _cBK
998 _cEnrique
999 _c10009
_d10009